| 000 | 00521nam a22001577a 4500 | ||
|---|---|---|---|
| 005 | 20251108164319.0 | ||
| 008 | 250721s1988 xx 000 0 ara d | ||
| 082 | 1 | 4 | _a355.43/بسا |
| 100 | 1 | _aالعسلي، بسام | |
| 245 | 1 | 0 | _aالتوازن الإستراتيجي و الصراع العربي الإسرائيلي / |
| 264 | 1 |
_aدمشق : _bدار طلاس للدراسات والترجمة والنشر، _c1988. |
|
| 300 | _a260ص | ||
| 650 | 1 | 7 | _aالإستراتيجية |
| 942 |
_2ddc _cBK |
||
| 999 |
_c9070 _d9070 |
||